<?xml version="1.0" encoding="UTF-8"?>
<record
    xmlns:xsi="http://www.w3.org/2001/XMLSchema-instance"
    xsi:schemaLocation="http://www.loc.gov/MARC21/slim http://www.loc.gov/standards/marcxml/schema/MARC21slim.xsd"
    xmlns="http://www.loc.gov/MARC21/slim">

  <leader>01345nab a2200241 i 4500</leader>
  <controlfield tag="001">BPP</controlfield>
  <controlfield tag="003">BPK</controlfield>
  <controlfield tag="005">20160119124855.0</controlfield>
  <controlfield tag="008">160119s1978    pl  |  |     |000 ||pol</controlfield>
  <datafield tag="040" ind1=" " ind2=" ">
    <subfield code="c">BPK</subfield>
  </datafield>
  <datafield tag="041" ind1=" " ind2=" ">
    <subfield code="a">pol</subfield>
    <subfield code="b">eng</subfield>
  </datafield>
  <datafield tag="080" ind1=" " ind2=" ">
    <subfield code="a">63</subfield>
  </datafield>
  <datafield tag="100" ind1=" " ind2=" ">
    <subfield code="a">HO&#x141;UBOWICZ, Kazimierz.</subfield>
    <subfield code="d">1976 -1979.</subfield>
    <subfield code="b">Wy&#x17C;sza Szko&#x142;a In&#x17C;ynierska w Koszalinie - Instytut In&#x17C;ynierii &#x15A;rodowiska</subfield>
  </datafield>
  <datafield tag="245" ind1=" " ind2=" ">
    <subfield code="a">Wp&#x142;yw scalenia grunt&#xF3;w Pa&#x144;stwowego Funduszu Ziemi na wielko&#x15B;&#x107; i kszta&#x142;t p&#xF3;l siewnych w dzia&#x142;kach i gospodarstwach indywidualnych Wybrze&#x17C;a &#x15A;rodkowego =</subfield>
    <subfield code="b">Effect of National Land Reserve consolidation on the size and shape of the sown fields in parceles and in individual farms situated along the Middle Coast /</subfield>
    <subfield code="c">Kazimierz Ho&#x142;ubowicz.</subfield>
  </datafield>
  <datafield tag="260" ind1=" " ind2=" ">
    <subfield code="c">1978.</subfield>
  </datafield>
  <datafield tag="500" ind1=" " ind2=" ">
    <subfield code="a">Dane z autopsji.</subfield>
  </datafield>
  <datafield tag="520" ind1=" " ind2=" ">
    <subfield code="a">Celem pracy jest zbadanie zmian w przestrzennej organizacji produkcji rolnej gospodarstw ch&#x142;opskich, zachodz&#x105;cych na skutek udzia&#x142;u tych gospodarstw w zabiegu scaleniowym wykonanym na potrzeby gospodarki uspo&#x142;ecznionej.</subfield>
  </datafield>
  <datafield tag="650" ind1=" " ind2="0">
    <subfield code="a">Rolnictwo.</subfield>
  </datafield>
  <datafield tag="650" ind1=" " ind2="0">
    <subfield code="a">Indywidualne gospodarstwo rolne.</subfield>
  </datafield>
  <datafield tag="650" ind1=" " ind2="0">
    <subfield code="a">Komasacja grunt&#xF3;w.</subfield>
  </datafield>
  <datafield tag="773" ind1=" " ind2=" ">
    <subfield code="i">W :</subfield>
    <subfield code="t">Zeszyty Naukowe Akademii Rolniczo-Technicznej w Olsztynie. -</subfield>
    <subfield code="d">Olsztyn : Wydaw. ART, 1978. -</subfield>
    <subfield code="g">nr 186, s. 25-38. -</subfield>
    <subfield code="k">Geodezja i Urz&#x105;dzenia Rolne ; nr 7</subfield>
  </datafield>
  <datafield tag="942" ind1=" " ind2=" ">
    <subfield code="c">ART</subfield>
    <subfield code="2">UKD</subfield>
  </datafield>
  <datafield tag="999" ind1=" " ind2=" ">
    <subfield code="c">7028</subfield>
    <subfield code="d">7028</subfield>
  </datafield>
  <datafield tag="952" ind1=" " ind2=" ">
    <subfield code="0">0</subfield>
    <subfield code="1">0</subfield>
    <subfield code="4">0</subfield>
    <subfield code="7">0</subfield>
    <subfield code="a">BPK</subfield>
    <subfield code="b">BPK</subfield>
    <subfield code="o">0985</subfield>
    <subfield code="y">ART</subfield>
  </datafield>
</record>
